Statistics for Baby Girl Names that Have Gone Out of Style

Click here to take the quiz!

General Stats

  • This quiz has been taken 684 times
  • The average score is 8 of 33

Answer Stats

Year of PeakName% Correct
1928Betty
49%
1931Joan
44%
1941Carol
39%
1929Doris
39%
1958Kathy
39%
1926Jean
37%
1900Edna
36%
1900Ethel
35%
1956Debra
33%
1970Tracy
33%
1971Dawn
32%
1938Janet
32%
1901Gladys
30%
1955Diane
29%
1900Florence
28%
1912Mildred
28%
1935Shirley
27%
1900Bertha
25%
1959Donna
25%
1953Pamela
25%
1929Louise
24%
1946Judy
20%
1930Dolores
19%
1958Cheryl
16%
1912Lois
16%
1937Beverly
12%
1966Tammy
12%
1968Tina
10%
1900Bessie
9%
1963Lori
9%
1957Cindy
8%
1959Debbie
8%
1976Shannon
7%

Score Distribution

Percentile by Number Answered

Percent of People with Each Score

Your Score History

You have not taken this quiz